| 000 | 00556nam a22001697a 4500 | ||
|---|---|---|---|
| 003 | OSt | ||
| 005 | 20260128055514.0 | ||
| 008 | 260128b |||||||| |||| 00| 0 eng d | ||
| 020 | _a971-8705-68-6. | ||
| 040 |
_aDWC-Main lib. _cOC |
||
| 082 | _aFil. 411 R327 2001 | ||
| 110 | _aKomisyon sa Wikang Filipino | ||
| 245 |
_a2001 revisyon ng alfabeto at patnubay sa ispeling ng wikang Filipino/ _cKomisyon sa Wikang Filipino |
||
| 260 |
_aManila: _b Komisyon sa Wikang Filipino, _cc2001. |
||
| 300 |
_a105 p. ; _c21 cm. |
||
| 942 |
_2ddc _cBK - FIL _hFil. _n0 |
||
| 999 |
_c7900 _d7900 |
||